[Event "Tom Weston Open Major Championship"]
[Site "Cardiff"]
[Date "2017.04.14"]
[Round "1.1"]
[White "Summers, Charles"]
[Black "Williams, Stephen"]
[Result "1-0"]
[WhiteElo "1926"]
[BlackElo "1714"]
[PlyCount "43"]
[EventDate "2017.04.14"]
[EventType "swiss"]
[EventRounds "7"]
[EventCountry "WLS"]
[SourceDate "2017.04.14"]

1. d4 Nf6 2. Nc3 e6 3. e4 d5 4. e5 Nfd7 5. Nce2 c5 6. c3 Nc6 7. Nf3 Qb6 8. a3
a5 9. Nf4 Be7 10. h4 O-O 11. Bd3 h6 12. g4 cxd4 13. cxd4 Kh8 14. Bb1 Rg8 15.
Ng5 Nd8 16. Nxf7+ Nxf7 17. Ng6+ Kh7 18. Nxe7+ Kh8 19. Qd3 g6 20. Nxg8 Kxg8 21.
Qxg6+ Kf8 22. Bxh6+ 1-0

[Event "Tom Weston Open Major Championship"]
[Site "Cardiff"]
[Date "2017.04.14"]
[Round "1.4"]
[White "Jones, Huw"]
[Black "Gibbs, Dominic V"]
[Result "0-1"]
[WhiteElo "1690"]
[BlackElo "1845"]
[PlyCount "102"]
[EventDate "2017.04.14"]
[EventType "swiss"]
[EventRounds "7"]
[EventCountry "WLS"]
[SourceDate "2017.04.14"]

1. d4 e6 2. c4 b6 3. Nc3 Bb7 4. e4 Bb4 5. Bd3 f5 6. d5 fxe4 7. Bxe4 Qh4 8. Qe2
Nf6 9. Bf3 O-O 10. d6 Bxf3 11. Nxf3 Qe4 12. dxc7 Na6 13. Bd2 Qxe2+ 14. Nxe2
Bxd2+ 15. Nxd2 Rac8 16. Nc3 Nb4 17. Ke2 a6 18. Nf3 Rxc7 19. b3 Rfc8 20. Rhd1
Nc6 21. Rac1 Na7 22. Rd6 Rc6 23. Rcd1 Rxd6 24. Rxd6 Nc6 25. h3 Kf7 26. Rd2 Ke7
27. g4 d6 28. Ke1 Nd8 29. Ke2 d5 30. Ne5 dxc4 31. bxc4 Nc6 32. Nxc6+ Rxc6 33.
Na4 Nd7 34. Nb2 Ne5 35. Rd4 b5 36. cxb5 Rc2+ 37. Rd2 Rxd2+ 38. Kxd2 axb5 39.
Kc3 Kd6 40. Nd1 Kc5 41. Ne3 g5 42. Nc2 Nf3 43. a3 h6 44. Kd3 Ng1 45. Nd4 Nxh3
46. Nxe6+ Kd5 47. Nc7+ Kc6 48. Nxb5 Nxf2+ 49. Ke3 Nxg4+ 50. Kf3 Kxb5 51. Kxg4
Kc4 0-1

[Event "Tom Weston Open Major Championship"]
[Site "Cardiff"]
[Date "2017.04.14"]
[Round "1.5"]
[White "Harle, Bill"]
[Black "Hurn, Robert AJ"]
[Result "1-0"]
[WhiteElo "1817"]
[BlackElo "1607"]
[PlyCount "75"]
[EventDate "2017.04.14"]
[EventType "swiss"]
[EventRounds "7"]
[EventCountry "WLS"]
[SourceDate "2017.04.14"]

1. d4 Nf6 2. Nf3 d5 3. g3 c5 4. c3 Nc6 5. Bg2 e6 6. O-O Be7 7. Nbd2 O-O 8. b3
b6 9. Bb2 cxd4 10. cxd4 Bb7 11. Rc1 Rc8 12. a3 Bd6 13. b4 Qe7 14. Re1 Ne4 15.
Nxe4 dxe4 16. Ne5 Nxe5 17. dxe5 Bb8 18. Qd4 Rcd8 19. Qe3 Rc8 20. Bxe4 Rfd8 21.
Bxb7 Qxb7 22. Rxc8 Rxc8 23. Rc1 Rd8 24. f4 h6 25. Qc3 Qe4 26. Kf2 Qd5 27. Qd3
Qxd3 28. exd3 Kh7 29. Ke3 b5 30. Rc6 a5 31. bxa5 Ba7+ 32. d4 Kg6 33. Kd3 h5 34.
Rc7 Bb8 35. Rb7 f6 36. a6 fxe5 37. fxe5 Bxe5 38. a7 1-0

[Event "Tom Weston Open Major Championship"]
[Site "Cardiff"]
[Date "2017.04.14"]
[Round "1.6"]
[White "Lutchman Singh, Karanvir"]
[Black "Christmas, Steve"]
[Result "1/2-1/2"]
[WhiteElo "1605"]
[BlackElo "1809"]
[PlyCount "104"]
[EventDate "2017.04.14"]
[EventType "swiss"]
[EventRounds "7"]
[EventCountry "WLS"]
[SourceDate "2017.04.14"]

1. e4 c5 2. c3 e6 3. d4 d5 4. e5 Nc6 5. Nf3 Nge7 6. a3 Bd7 7. Be2 b6 8. O-O Ng6
9. Bg5 f6 10. exf6 gxf6 11. Be3 c4 12. h4 Bd6 13. h5 Nf4 14. Nh4 Qc7 15. Bxf4
Bxf4 16. b3 Na5 17. b4 Nb7 18. Re1 O-O-O 19. a4 a6 20. Bg4 f5 21. Bh3 Nd6 22.
Nf3 Nf7 23. Nbd2 Rhg8 24. Nf1 h6 25. Ne3 Ng5 26. Nxg5 hxg5 27. f3 Rh8 28. g4
Bxe3+ 29. Rxe3 Qg3+ 30. Bg2 fxg4 31. Qe2 Rxh5 32. fxg4 Qh2+ 33. Kf2 Qh4+ 34.
Kg1 Qh2+ 35. Kf2 Qf4+ 36. Kg1 Rh4 37. Bh3 Rdh8 38. Kg2 Qd6 39. Rh1 R8h6 40. Re5
Be8 41. Qe3 Bxa4 42. Rxg5 Bc2 43. Kg1 Be4 44. Rh2 Qe7 45. Rh5 R4xh5 46. gxh5
Rh8 47. Bg2 Qg7 48. Kf2 Rf8+ 49. Ke1 Bxg2 50. Rxg2 Qxg2 51. Qxe6+ Kc7 52. Qe7+
Kc6 1/2-1/2

[Event "Tom Weston Open Major Championship"]
[Site "Cardiff"]
[Date "2017.04.14"]
[Round "1.7"]
[White "Wagner, Guy"]
[Black "Probert, Malcolm"]
[Result "1-0"]
[WhiteElo "1809"]
[BlackElo "1592"]
[PlyCount "29"]
[EventDate "2017.04.14"]
[EventType "swiss"]
[EventRounds "7"]
[EventCountry "WLS"]
[SourceDate "2017.04.14"]

1. Nf3 d6 2. d4 Bg4 3. c4 Bxf3 4. gxf3 e5 5. Be3 Nf6 6. Nc3 c6 7. Qb3 Qc7 8.
O-O-O Nbd7 9. dxe5 dxe5 10. Bh3 Bc5 11. Ne4 Bxe3+ 12. Qxe3 O-O 13. Rhg1 g6 14.
Bxd7 Nxd7 15. Rxd7 1-0

[Event "Tom Weston Open Major Championship"]
[Site "Cardiff"]
[Date "2017.04.14"]
[Round "1.8"]
[White "Livermore, Richard"]
[Black "McGregor, John"]
[Result "0-1"]
[WhiteElo "1553"]
[BlackElo "1803"]
[PlyCount "91"]
[EventDate "2017.04.14"]
[EventType "swiss"]
[EventRounds "7"]
[EventCountry "WLS"]
[SourceDate "2017.04.14"]

1. d4 d5 2. Nf3 Nf6 3. e3 Bf5 4. Bd3 Bxd3 5. cxd3 c6 6. O-O e6 7. Nc3 Be7 8. e4
dxe4 9. dxe4 O-O 10. Bg5 Nbd7 11. Qe2 Re8 12. Rad1 Nf8 13. h3 Ng6 14. Ne5 Nd7
15. Bxe7 Qxe7 16. Nxg6 hxg6 17. f4 Rad8 18. Rd3 Nb6 19. Rfd1 Rd7 20. e5 Nd5 21.
g3 Nxc3 22. Rxc3 Red8 23. Rcd3 Rd5 24. Qc2 Qf8 25. Qa4 a6 26. Qc4 R8d7 27. Kf2
Qd8 28. h4 c5 29. Ke3 b5 30. Qc3 c4 31. R3d2 Qb6 32. Rc1 Rc7 33. b4 Rcd7 34.
Rcd1 f6 35. Ke4 f5+ 36. Ke3 Ra7 37. Rb1 Rd8 38. a4 Qc6 39. Qc2 Qd5 40. a5 Rc7
41. Rb3 cxb3 42. Qxc7 Qe4+ 43. Kf2 Rxd4 44. Re2 Qh1 45. Qc3 Rd1 46. Rd2 0-1

[Event "Tom Weston Open Major Championship"]
[Site "Cardiff"]
[Date "2017.04.14"]
[Round "1.10"]
[White "Bridges, Paul"]
[Black "Ray, Hiya"]
[Result "1/2-1/2"]
[WhiteElo "1776"]
[BlackElo "1465"]
[PlyCount "45"]
[EventDate "2017.04.14"]
[EventType "swiss"]
[EventRounds "7"]
[EventCountry "WLS"]
[SourceDate "2017.04.14"]

1. d4 d5 2. Nf3 e6 3. c4 c6 4. g3 f5 5. Bg2 Nf6 6. O-O Bd6 7. Qc2 O-O 8. Nbd2
Qe7 9. b3 g6 10. Bb2 Nbd7 11. Rac1 Ne4 12. Nxe4 fxe4 13. Ne5 Nxe5 14. dxe5 Bb4
15. e3 Bd7 16. Rfd1 Rf7 17. cxd5 exd5 18. Ba1 Be6 19. Rf1 Raf8 20. Qe2 Qd7 21.
f3 exf3 22. Rxf3 Rxf3 23. Bxf3 1/2-1/2

[Event "Tom Weston Open Major Championship"]
[Site "Cardiff"]
[Date "2017.04.14"]
[Round "1.11"]
[White "Stuart, Neil"]
[Black "Cox, John"]
[Result "1-0"]
[WhiteElo "1762"]
[BlackElo "1448"]
[PlyCount "91"]
[EventDate "2017.04.14"]
[EventType "swiss"]
[EventRounds "7"]
[EventCountry "WLS"]
[SourceDate "2017.04.14"]

1. d4 f5 2. Nf3 e6 3. g3 b6 4. Bg2 Bb7 5. O-O Nf6 6. c4 Be7 7. Nc3 O-O 8. a3 c5
9. Bf4 Nh5 10. Bc1 Nf6 11. Rb1 cxd4 12. Nxd4 Bxg2 13. Kxg2 Nc6 14. Nxc6 dxc6
15. Bf4 Nh5 16. Be5 Nf6 17. f3 Qxd1 18. Rfxd1 Rad8 19. Kf1 Kf7 20. Bc7 Rd7 21.
Rxd7 Nxd7 22. Rd1 Ke8 23. Bd6 g6 24. Ke1 h6 25. f4 a6 26. e4 Nc5 27. e5 b5 28.
cxb5 cxb5 29. Ke2 Kf7 30. Bxc5 Bxc5 31. Rd7+ Ke8 32. Rc7 b4 33. Rxc5 bxc3 34.
Rc8+ Ke7 35. Rxf8 Kxf8 36. bxc3 Ke7 37. Kd3 Kd7 38. Kc4 Kc6 39. Kb4 Kb6 40. c4
h5 41. c5+ Kc6 42. Kc4 Kc7 43. Kb4 Kc6 44. h4 a5+ 45. Kc4 Kc7 46. Kb5 1-0

[Event "Tom Weston Open Major Championship"]
[Site "Cardiff"]
[Date "2017.04.14"]
[Round "1.12"]
[White "Fraser, Susanna"]
[Black "Buttell, David"]
[Result "1/2-1/2"]
[WhiteElo "1419"]
[BlackElo "1758"]
[PlyCount "78"]
[EventDate "2017.04.14"]
[EventType "swiss"]
[EventRounds "7"]
[EventCountry "WLS"]
[SourceDate "2017.04.14"]

1. d4 d5 2. c4 e6 3. Nf3 Nf6 4. g3 Be7 5. Bg2 c6 6. O-O O-O 7. Qc2 Nbd7 8. Nbd2
b6 9. cxd5 cxd5 10. Nb3 Bb7 11. Bf4 Rc8 12. Qd3 Ne4 13. Nfd2 Nxd2 14. Nxd2 Nf6
15. Rac1 Qd7 16. Nf3 Rxc1 17. Rxc1 Rc8 18. Rxc8+ Qxc8 19. Ne5 Ba6 20. Qd1 Qe8
21. Qc2 Qc8 22. Qxc8+ Bxc8 23. Nc6 Kf8 24. Nxa7 Bd7 25. Bf1 Nh5 26. Bc7 b5 27.
e3 b4 28. Nb5 Nf6 29. Nd6 Ne8 30. Nxe8 Kxe8 31. Bd3 g6 32. Kf1 Bc6 33. Ke2 Kd7
34. Ba5 Ba4 35. Kd2 Kc6 36. Bc2 Bb5 37. Bd3 Bc4 38. Kc2 Kb5 39. Bc7 Bf8 1/2-1/2

[Event "Tom Weston Open Major Championship"]
[Site "Cardiff"]
[Date "2017.04.14"]
[Round "1.13"]
[White "Jukes, Sam"]
[Black "Lutchman Singh, Aishwarya"]
[Result "1-0"]
[WhiteElo "1734"]
[BlackElo "1411"]
[PlyCount "43"]
[EventDate "2017.04.14"]
[EventType "swiss"]
[EventRounds "7"]
[EventCountry "WLS"]
[SourceDate "2017.04.14"]

1. d4 Nf6 2. c4 d6 3. Nc3 Nbd7 4. Nf3 e5 5. e4 Be7 6. Be2 O-O 7. O-O c6 8. Re1
Ne8 9. Bf1 Nc7 10. Be3 Ne6 11. Qd2 f6 12. Rad1 c5 13. dxc5 dxc5 14. g3 Nd4 15.
Bxd4 cxd4 16. Nd5 f5 17. exf5 Rxf5 18. Nxe7+ Qxe7 19. Nxd4 Rf6 20. Nb5 b6 21.
Nc7 Rb8 22. Nd5 1-0

[Event "Tom Weston Open Major Championship"]
[Site "Cardiff"]
[Date "2017.04.14"]
[Round "1.14"]
[White "Jaberansari, Daniel"]
[Black "Thomas, Roy"]
[Result "0-1"]
[WhiteElo "1405"]
[BlackElo "1727"]
[PlyCount "82"]
[EventDate "2017.04.14"]
[EventType "swiss"]
[EventRounds "7"]
[EventCountry "WLS"]
[SourceDate "2017.04.14"]

1. e4 c5 2. c3 d5 3. exd5 Qxd5 4. d4 Nf6 5. Na3 e6 6. Nc2 Be7 7. Nf3 O-O 8. Be2
Nc6 9. Be3 Ng4 10. O-O Nxe3 11. Nxe3 Qd6 12. Qc2 cxd4 13. Rfd1 e5 14. cxd4 Nxd4
15. Nxd4 exd4 16. Qc4 Rd8 17. Bf3 Be6 18. Qa4 Qf4 19. Rd2 Bd6 20. Nf1 Be5 21.
Rad1 Bd5 22. Bxd5 Rxd5 23. Ng3 h5 24. Qb3 Rd7 25. Qa4 Rc7 26. Qa5 b6 27. Qd5
Rac8 28. Nf1 Rc1 29. g3 Qf6 30. Rxc1 Rxc1 31. f4 Bd6 32. Re2 Bc5 33. Re8+ Kh7
34. Qxh5+ Qh6 35. Qf5+ Qg6 36. Qh3+ Qh6 37. Qf5+ g6 38. Qxf7+ Qg7 39. Qe6 d3+
40. Kg2 Rc2+ 41. Kh1 Qb7+ 0-1

[Event "Tom Weston Open Major Championship"]
[Site "Cardiff"]
[Date "2017.04.14"]
[Round "2.1"]
[White "McGregor, John"]
[Black "Summers, Charles"]
[Result "1/2-1/2"]
[WhiteElo "1803"]
[BlackElo "1926"]
[PlyCount "65"]
[EventDate "2017.04.14"]
[EventType "swiss"]
[EventRounds "7"]
[EventCountry "WLS"]
[SourceDate "2017.04.14"]

1. e4 c5 2. Nc3 Nc6 3. Bb5 Nd4 4. Bc4 e6 5. Nce2 a6 6. Nxd4 cxd4 7. Ne2 b5 8.
Bb3 Bb7 9. d3 Bc5 10. O-O Nf6 11. c3 dxc3 12. bxc3 Qc7 13. Bf4 Bd6 14. Bxd6
Qxd6 15. Ng3 h5 16. Qf3 Qc7 17. Ne2 Ng4 18. Qf4 Rc8 19. Qxc7 Rxc7 20. f3 Ne5
21. Rfd1 Ke7 22. a4 bxa4 23. Rxa4 Bc6 24. Rb4 a5 25. Rb6 a4 26. Ba2 Rb7 27.
Rxb7 Bxb7 28. d4 Ba6 29. Kf2 Nc4 30. Rb1 Rc8 31. Rb4 a3 32. Ra4 Bb5 33. Rb4
1/2-1/2

[Event "Tom Weston Open Major Championship"]
[Site "Cardiff"]
[Date "2017.04.14"]
[Round "2.4"]
[White "Gibbs, Dominic V"]
[Black "Jukes, Sam"]
[Result "1/2-1/2"]
[WhiteElo "1845"]
[BlackElo "1734"]
[PlyCount "153"]
[EventDate "2017.04.14"]
[EventType "swiss"]
[EventRounds "7"]
[EventCountry "WLS"]
[SourceDate "2017.04.14"]

1. e4 e5 2. Nf3 Nc6 3. Bc4 Bc5 4. c3 Nf6 5. d3 d6 6. Bb3 Qe7 7. Nbd2 Be6 8. Nf1
d5 9. Ng3 O-O-O 10. Qe2 dxe4 11. Bxe6+ Qxe6 12. dxe4 Ng4 13. O-O Qd7 14. Bg5 f6
15. Rad1 Bxf2+ 16. Kh1 Qe6 17. Nf5 Bb6 18. N3d4 Nxd4 19. cxd4 Nxh2 20. Kxh2
fxg5 21. d5 Qd7 22. b3 g6 23. Ne3 Bd4 24. Nc2 Rhf8 25. Qd2 Bb6 26. Qxg5 Qg7 27.
g3 Kb8 28. Kg2 h6 29. Qg4 Rd6 30. Rxf8+ Qxf8 31. Rf1 Rf6 32. Rxf6 Qxf6 33. Qf3
Qxf3+ 34. Kxf3 c6 35. Nb4 Kc7 36. Nd3 Kd6 37. dxc6 bxc6 38. a4 Bd4 39. Ke2 c5
40. Kd2 Ke6 41. Ne1 Bf2 42. Nd3 Bxg3 43. Nxc5+ Kd6 44. b4 h5 45. Nd3 g5 46. Ke2
g4 47. Kf1 Bf4 48. Kg2 h4 49. Nf2 g3 50. Nd3 Bg5 51. Kh3 Be7 52. Kg2 Ke6 53.
Kh3 Kf6 54. Kg2 Bd6 55. Kh3 Kg6 56. b5 Kf7 57. Nb2 Ke6 58. Nc4 Kd7 59. Kg2 Bc7
60. Kh3 Ke6 61. Kg2 Kf6 62. a5 Kg5 63. Kh3 Kf4 64. b6 axb6 65. axb6 Bxb6 66.
Nxb6 Kxe4 67. Kg2 Kd3 68. Nd5 e4 69. Nf4+ Kd2 70. Ng6 Ke3 71. Nxh4 Kf4 72. Ng6+
Kg4 73. Ne5+ Kf5 74. Nc4 Kf4 75. Nb6 Kg4 76. Nd5 Kh4 77. Nc3 1/2-1/2

[Event "Tom Weston Open Major Championship"]
[Site "Cardiff"]
[Date "2017.04.14"]
[Round "2.5"]
[White "Thomas, Roy"]
[Black "Harle, Bill"]
[Result "1/2-1/2"]
[WhiteElo "1727"]
[BlackElo "1817"]
[PlyCount "31"]
[EventDate "2017.04.14"]
[EventType "swiss"]
[EventRounds "7"]
[EventCountry "WLS"]
[SourceDate "2017.04.14"]

1. f4 d5 2. e3 Nf6 3. Nf3 b6 4. Bb5+ c6 5. Be2 g6 6. O-O Bg7 7. c4 O-O 8. d4
Nbd7 9. Nc3 Bb7 10. Bd2 c5 11. cxd5 Nxd5 12. Nxd5 Bxd5 13. Bc3 Bb7 14. Ne5 cxd4
15. exd4 Nf6 16. Bf3 1/2-1/2

[Event "Tom Weston Open Major Championship"]
[Site "Cardiff"]
[Date "2017.04.14"]
[Round "2.6"]
[White "O'Rourke, Kevin"]
[Black "Wagner, Guy"]
[Result "0-1"]
[WhiteElo "1310"]
[BlackElo "1809"]
[PlyCount "66"]
[EventDate "2017.04.14"]
[EventType "swiss"]
[EventRounds "7"]
[EventCountry "WLS"]
[SourceDate "2017.04.14"]

1. e4 Nf6 2. Nc3 d5 3. e5 Nfd7 4. d4 Nb6 5. h3 Bf5 6. Nf3 e6 7. Nh4 Qxh4 8. Be2
c5 9. Bg4 Bxg4 10. Qxg4 Qxg4 11. hxg4 cxd4 12. Nb5 Kd7 13. Nxd4 Nc6 14. Nb3
Nxe5 15. f3 Bd6 16. Bf4 Nxf3+ 17. gxf3 Bxf4 18. Nd4 a6 19. Ne2 Bd6 20. O-O-O h6
21. b3 a5 22. Rd3 a4 23. Kb1 Be5 24. c4 axb3 25. Rxb3 Nxc4 26. Rd1 Ra7 27. f4
Bf6 28. Nd4 Bxd4 29. Rxd4 Rha8 30. f5 b6 31. Rbd3 Ke7 32. fxe6 Rxa2 33. exf7
Rb2+ 0-1

[Event "Tom Weston Open Major Championship"]
[Site "Cardiff"]
[Date "2017.04.14"]
[Round "2.7"]
[White "Christmas, Steve"]
[Black "White, Sam"]
[Result "1-0"]
[WhiteElo "1809"]
[BlackElo "1671"]
[PlyCount "107"]
[EventDate "2017.04.14"]
[EventType "swiss"]
[EventRounds "7"]
[EventCountry "WLS"]
[SourceDate "2017.04.14"]

1. d4 Nf6 2. c3 d5 3. Nf3 Bf5 4. Bf4 e6 5. e3 Bd6 6. Qa4+ Qd7 7. Qxd7+ Nfxd7 8.
Bxd6 cxd6 9. Nbd2 O-O 10. Nh4 Bg6 11. g4 f6 12. Nxg6 hxg6 13. Bg2 Na6 14. O-O
Nc7 15. Rac1 e5 16. c4 exd4 17. cxd5 Na6 18. exd4 Nb4 19. a3 Nd3 20. Rc7 Nb6
21. Be4 Nf4 22. Nc4 Nxc4 23. Rxc4 Rac8 24. Rb4 b6 25. Bf3 Rc2 26. h4 Nd3 27.
Rb3 Nf4 28. Kh2 g5 29. Kg3 Re8 30. Re3 Rxe3 31. fxe3 Ne2+ 32. Bxe2 Rxe2 33.
hxg5 Rxe3+ 34. Kf4 Rd3 35. Ke4 Rd2 36. gxf6 Rxb2 37. f7+ Kf8 38. g5 g6 39. Rf6
Re2+ 40. Kd3 Ra2 41. Rxg6 Rxa3+ 42. Kc4 Ra4+ 43. Kc3 Ra3+ 44. Kb4 Rg3 45. Rxd6
Rxg5 46. Kb5 Rg4 47. Rd8+ Kxf7 48. Rd7+ Ke8 49. Rxa7 Rxd4 50. Kc6 b5 51. Rb7
Kd8 52. Kd6 Rc4 53. Rb8+ Rc8 54. Rxc8+ 1-0

[Event "Tom Weston Open Major Championship"]
[Site "Cardiff"]
[Date "2017.04.14"]
[Round "2.8"]
[White "Bridges, Paul"]
[Black "Qiu, Anlan"]
[Result "1-0"]
[WhiteElo "1776"]
[BlackElo "1612"]
[PlyCount "75"]
[EventDate "2017.04.14"]
[EventType "swiss"]
[EventRounds "7"]
[EventCountry "WLS"]
[SourceDate "2017.04.14"]

1. e4 c5 2. Nc3 Nc6 3. f4 e6 4. Bc4 Nge7 5. Nf3 g6 6. O-O Bg7 7. Bb3 a6 8. d3
O-O 9. Qe1 d5 10. e5 b5 11. a3 Bb7 12. Ba2 Nf5 13. Ne2 h5 14. c3 d4 15. c4 Nce7
16. Ng3 Nxg3 17. Qxg3 Nf5 18. Qe1 Bxf3 19. Rxf3 Qb6 20. b4 Rfc8 21. Bd2 Bf8 22.
Rb1 Rab8 23. Rf1 cxb4 24. axb4 Rc7 25. c5 Qc6 26. Rc1 Rd8 27. Bb3 Rcd7 28. Bd1
Ne3 29. Bxe3 dxe3 30. Bf3 Qc7 31. Be4 Rd4 32. Ra1 Qc8 33. Rf3 Bh6 34. g3 g5 35.
Kf1 gxf4 36. gxf4 e2+ 37. Kxe2 Rxe4+ 38. dxe4 1-0

[Event "Tom Weston Open Major Championship"]
[Site "Cardiff"]
[Date "2017.04.14"]
[Round "2.9"]
[White "Buttell, David"]
[Black "Lutchman Singh, Karanvir"]
[Result "1-0"]
[WhiteElo "1758"]
[BlackElo "1605"]
[PlyCount "67"]
[EventDate "2017.04.14"]
[EventType "swiss"]
[EventRounds "7"]
[EventCountry "WLS"]
[SourceDate "2017.04.14"]

1. d4 Nf6 2. c4 g6 3. Nc3 Bg7 4. e4 d6 5. f3 O-O 6. Be3 e5 7. d5 Ne8 8. Qd2 f5
9. O-O-O Na6 10. Bd3 Nb4 11. Bb1 a5 12. a3 Na6 13. Nge2 b6 14. Rdg1 Nc5 15. Bc2
Ba6 16. b4 axb4 17. axb4 Nd7 18. b5 Bc8 19. Kb2 Nc5 20. Ra1 Rxa1 21. Rxa1 Nf6
22. Bxc5 bxc5 23. Ra8 Qe7 24. Ng3 fxe4 25. Ncxe4 Nxe4 26. Bxe4 Bf5 27. Ra7 Bxe4
28. Nxe4 Rb8 29. Qa5 Rb6 30. Qxb6 Qe6 31. Qb8+ Kf7 32. Qxc7+ Kf8 33. dxe6 Bf6
34. Qf7# 1-0

[Event "Tom Weston Open Major Championship"]
[Site "Cardiff"]
[Date "2017.04.14"]
[Round "2.10"]
[White "Williams, Stephen"]
[Black "Fraser, Susanna"]
[Result "0-1"]
[WhiteElo "1714"]
[BlackElo "1419"]
[PlyCount "100"]
[EventDate "2017.04.14"]
[EventType "swiss"]
[EventRounds "7"]
[EventCountry "WLS"]
[SourceDate "2017.04.14"]

1. d4 d5 2. c4 e6 3. Nf3 Nf6 4. Bg5 Be7 5. Nc3 h6 6. Bh4 O-O 7. e3 b6 8. cxd5
Nxd5 9. Bxe7 Nxe7 10. Bd3 Bb7 11. O-O Nd7 12. b4 Nf6 13. a3 Ned5 14. Rc1 Nxc3
15. Rxc3 Ne4 16. Rc1 Ng5 17. Ne5 f6 18. Ng6 Re8 19. Bb5 Qd5 20. Nf4 Qxb5 21.
Rxc7 Rab8 22. Qh5 Be4 23. h4 g6 24. Qxh6 Nf7 25. Rxf7 Kxf7 26. Qh7+ Kf8 27. Rc1
Rb7 28. Qh8+ Ke7 29. Qg7+ Kd6 30. Qxf6 Qf5 31. Qxf5 Bxf5 32. f3 e5 33. dxe5+
Kxe5 34. g4 Rc8 35. Rxc8 Bxc8 36. Nxg6+ Kf6 37. h5 Rc7 38. Nf4 Bb7 39. Kf2 Rc2+
40. Kg3 Rc3 41. Ng2 Rxa3 42. Kf4 Rd3 43. g5+ Kg7 44. h6+ Kh7 45. e4 a5 46. bxa5
bxa5 47. Ne3 Bc8 48. Nc4 a4 49. Nb2 a3 50. Nxd3 a2 0-1

[Event "Tom Weston Open Major Championship"]
[Site "Cardiff"]
[Date "2017.04.14"]
[Round "2.13"]
[White "Cox, John"]
[Black "Jones, Huw"]
[Result "1/2-1/2"]
[WhiteElo "1448"]
[BlackElo "1690"]
[PlyCount "38"]
[EventDate "2017.04.14"]
[EventType "swiss"]
[EventRounds "7"]
[EventCountry "WLS"]
[SourceDate "2017.04.14"]

1. e4 e6 2. d4 d5 3. Nd2 Nf6 4. e5 Nfd7 5. Ngf3 c5 6. c3 Nc6 7. Bb5 Be7 8. O-O
a6 9. Bxc6 bxc6 10. Re1 cxd4 11. cxd4 c5 12. b3 cxd4 13. Nxd4 Qb6 14. N2f3 O-O
15. Be3 Bc5 16. Rc1 Bb7 17. Re2 a5 18. Rec2 Rac8 19. Kh1 Ba6 1/2-1/2

[Event "Tom Weston Open Major Championship"]
[Site "Cardiff"]
[Date "2017.04.14"]
[Round "2.14"]
[White "Hurn, Robert AJ"]
[Black "Lutchman Singh, Aishwarya"]
[Result "1-0"]
[WhiteElo "1607"]
[BlackElo "1411"]
[PlyCount "79"]
[EventDate "2017.04.14"]
[EventType "swiss"]
[EventRounds "7"]
[EventCountry "WLS"]
[SourceDate "2017.04.14"]

1. d4 Nf6 2. c4 d6 3. Nc3 Nbd7 4. Nf3 e5 5. e3 Be7 6. Bd3 O-O 7. O-O c6 8. Qc2
h6 9. b3 Qc7 10. Bb2 a6 11. a4 Re8 12. Rfe1 d5 13. dxe5 Nxe5 14. Nxe5 Qxe5 15.
Nxd5 Qd6 16. Nxe7+ Qxe7 17. h3 Be6 18. Rad1 Rab8 19. Qc3 b5 20. axb5 axb5 21.
cxb5 cxb5 22. b4 Nh5 23. Be2 Nf6 24. Rc1 Rec8 25. Qd4 Rd8 26. Qc5 Qb7 27. Red1
Rdc8 28. Qe5 Qe4 29. Bd4 Bc4 30. Bf3 Qxe5 31. Bxe5 Rb6 32. Bd4 Ra6 33. Bb7 Rca8
34. Bxa8 Rxa8 35. Ra1 Rxa1 36. Rxa1 Nd5 37. Bc5 f6 38. e4 Nc3 39. f3 Kf7 40.
Kf2 1-0

[Event "Tom Weston Open Major Championship"]
[Site "Cardiff"]
[Date "2017.04.14"]
[Round "2.15"]
[White "Probert, Malcolm"]
[Black "Jaberansari, Daniel"]
[Result "1-0"]
[WhiteElo "1592"]
[BlackElo "1405"]
[PlyCount "47"]
[EventDate "2017.04.14"]
[EventType "swiss"]
[EventRounds "7"]
[EventCountry "WLS"]
[SourceDate "2017.04.14"]

1. Nf3 Nf6 2. g3 g6 3. Bg2 Bg7 4. c4 d6 5. O-O O-O 6. Nc3 c5 7. d4 Qc7 8. dxc5
Qxc5 9. b3 Qc7 10. Bb2 Nc6 11. Qc2 Be6 12. Rfd1 a6 13. Nd5 Bxd5 14. cxd5 Rab8
15. dxc6 bxc6 16. e4 Rfd8 17. e5 Ne8 18. exd6 exd6 19. Bxg7 Nxg7 20. Nd4 Rdc8
21. Nxc6 Nf5 22. Rac1 Qb6 23. Qe2 Rb7 24. g4 1-0

[Event "Tom Weston Open Major Championship"]
[Site "Cardiff"]
[Date "2017.04.15"]
[Round "3.2"]
[White "Summers, Charles"]
[Black "Stuart, Neil"]
[Result "1-0"]
[WhiteElo "1926"]
[BlackElo "1762"]
[PlyCount "65"]
[EventDate "2017.04.14"]
[EventType "swiss"]
[EventRounds "7"]
[EventCountry "WLS"]
[SourceDate "2017.04.14"]

1. d4 d5 2. e4 dxe4 3. Nc3 Nf6 4. f3 e3 5. Bxe3 c6 6. Qd2 e6 7. Bd3 Bb4 8. Nge2
Nbd7 9. a3 Ba5 10. Bg5 h6 11. Bh4 g5 12. Bg3 Bc7 13. O-O-O Nh5 14. Bxc7 Qxc7
15. Ne4 Nf4 16. h4 Nxe2+ 17. Bxe2 Qf4 18. hxg5 Qxd2+ 19. Rxd2 h5 20. g3 e5 21.
dxe5 Nxe5 22. Nf6+ Ke7 23. Rxh5 Be6 24. Rd4 Rxh5 25. Nxh5 c5 26. Re4 Kd6 27.
Nf6 Rh8 28. Rh4 Rd8 29. Ne4+ Kc6 30. Rh6 Kd5 31. Nf6+ Kd4 32. Rh4+ Ng4 33. Nxg4
1-0

[Event "Tom Weston Open Major Championship"]
[Site "Cardiff"]
[Date "2017.04.15"]
[Round "3.3"]
[White "Bridges, Paul"]
[Black "Gibbs, Dominic V"]
[Result "1-0"]
[WhiteElo "1776"]
[BlackElo "1845"]
[PlyCount "73"]
[EventDate "2017.04.14"]
[EventType "swiss"]
[EventRounds "7"]
[EventCountry "WLS"]
[SourceDate "2017.04.14"]

1. e4 c5 2. Nc3 Nc6 3. f4 g6 4. Nf3 Bg7 5. Bc4 e6 6. O-O Nge7 7. Bb3 Na5 8. d3
Nxb3 9. axb3 d5 10. e5 Bd7 11. Ne2 Nc6 12. Kh1 O-O 13. d4 cxd4 14. Nexd4 f6 15.
Nxc6 Bxc6 16. Be3 b6 17. Bd4 f5 18. Be3 Qe7 19. Nd4 Rfc8 20. c3 Qd7 21. Qe2 a5
22. Nxc6 Qxc6 23. Bd4 Bf8 24. g4 Bc5 25. Rfd1 b5 26. gxf5 gxf5 27. Rg1+ Kh8 28.
Qh5 Bxd4 29. Qf7 Bxe5 30. fxe5 d4+ 31. Rg2 Qxg2+ 32. Kxg2 Rg8+ 33. Kf2 Rg6 34.
Rg1 Rxg1 35. Kxg1 dxc3 36. bxc3 Ra6 37. Qf8# 1-0

[Event "Tom Weston Open Major Championship"]
[Site "Cardiff"]
[Date "2017.04.15"]
[Round "3.4"]
[White "Harle, Bill"]
[Black "Buttell, David"]
[Result "0-1"]
[WhiteElo "1817"]
[BlackElo "1758"]
[PlyCount "96"]
[EventDate "2017.04.14"]
[EventType "swiss"]
[EventRounds "7"]
[EventCountry "WLS"]
[SourceDate "2017.04.14"]

1. d4 d5 2. Nf3 Nf6 3. g3 e6 4. Bg2 Be7 5. O-O O-O 6. b3 c6 7. Nbd2 b6 8. Bb2
Bb7 9. c4 Nbd7 10. Rc1 Rc8 11. Re1 c5 12. e3 Bd6 13. Ne5 cxd4 14. exd4 Ba8 15.
Ndf3 dxc4 16. bxc4 Be7 17. Rc2 h6 18. a3 a6 19. Rd2 b5 20. Nxd7 Nxd7 21. c5 Bd5
22. Rde2 Bf6 23. Qd2 Nb8 24. Ne5 Bxg2 25. Kxg2 Qd5+ 26. Kg1 Nc6 27. Nxc6 Rxc6
28. Qe3 Rd8 29. Rd2 Rxc5 30. dxc5 Qxd2 31. Bxf6 Qxe3 32. Rxe3 gxf6 33. Rc3 Kf8
34. Kf1 Ke7 35. Ke2 Rc8 36. Ke3 e5 37. Ke4 Ke6 38. g4 a5 39. f3 b4 40. axb4
axb4 41. Rb3 Rb8 42. c6 Kd6 43. Kf5 Kxc6 44. Kxf6 Kb5 45. Kxe5 Ka4 46. Rb1 b3
47. Kd4 b2 48. Kc3 Ka3 0-1